Vista normal
Vista MARC
Entrada Topical Term
Número de registros utilizados en: 1
001 - CONTROL NUMBER
- control field: 9481
003 - CONTROL NUMBER IDENTIFIER
- control field: OSt
005 - DATE AND TIME OF LATEST TRANSACTION
- control field: 20200831115516.0
008 - FIXED-LENGTH DATA ELEMENTS
- fixed length control field: 200831|| aca||aabn | a|a d
040 ## - CATALOGING SOURCE
- Original cataloging agency: OSt
- Transcribing agency: OSt
150 ## - HEADING--TOPICAL TERM
- Topical term or geographic name entry element: Seguridad social
- General subdivision: Aspectos jurídicos
- Form subdivision: Congresos
670 ## - SOURCE DATA FOUND
- Source citation: Work cat.: (OSt)0: Herrera Vergara, José Roberto, editor 8955, Globalización laboral y de la seguridad social, 2007.